000 01499cam a2200373 a 4500
999 _c1121
_d1121
001 15385896
003 GZU
005 20200924133438.0
008 080728s2009 maua b 001 0 eng
010 _a 2008032004
020 _a9780071284806 (alk. paper)
020 _a0073375829 (alk. paper)
035 _a(OCoLC)ocn226356767
035 _a(OCoLC)226356767
040 _aDLC
_cDLC
_dBTCTA
_dBAKER
_dC#P
_dBWX
_dDLC
050 0 0 _aHD30.22
_b.BRI 2009
100 1 _aBrickley, James A.
_eauthor
245 1 0 _aManagerial economics and organizational architecture /
_cJames A. Brickley, Clifford W. Smith, Jerold L. Zimmerman.
250 _a5th ed.
260 _aBoston :
_bMcGraw-Hill Irwin,
_cc2009.
300 _axxi, 714 p. :
_bill. (some col.) ;
_c27 cm.
490 1 _aThe McGraw-Hill series in economics
500 _aIncludes bibliographical references and index.
504 _aIncludes bibliographical references and index.
650 0 _aManagerial economics.
650 0 _aOrganizational effectiveness.
700 1 _aSmith, Clifford W.
_eauthor
700 1 _aZimmerman, Jerold L.,
_d1947-
_eauthor
830 0 _aMcGraw-Hill series in economics.
856 4 1 _3Table of contents only
_uhttp://www.loc.gov/catdir/toc/ecip0824/2008032004.html
906 _a7
_bcbc
_corignew
_d1
_eecip
_f20
_gy-gencatlg
942 _2lcc
_cBK
_e5th ed.
_h30.22
_iBRI
_kHD